[Event "Hedmark & Oppland Region-ch A&B"]
[Site "Hamar"]
[Date "2009.03.29"]
[Round "5"]
[White "Jotun, Jan"]
[Black "Lensebakken, Oyvind"]
[Result "1/2-1/2"]
[WhiteElo "1549"]
[BlackElo "1216"]
[PlyCount "49"]
[EventDate "2009.03.28"]
[EventType "swiss"]
[EventRounds "5"]
[EventCountry "NOR"]
[SourceTitle "EXT 2024"]
[Source "ChessBase"]
[SourceDate "2023.10.10"]
[SourceVersion "1"]
[SourceVersionDate "2023.10.10"]
[SourceQuality "1"]

1. d4 d5 2. c4 c6 3. e3 Nf6 4. Nf3 Bf5 5. Nc3 e6 6. Bd2 Be7 7. cxd5 cxd5 8. Bb5+ Nbd7 9. Nh4 Bg4 10. f3 Bh5 11. g4 Nxg4 12. Bxd7+ Qxd7 13. Ng2 Nf6 14. Nf4 Bg6 15. Qb3 0-0 16. Nxg6 hxg6 17. 0-0-0 Rfc8 18. Kb1 Rc4 19. Ne2 b6 20. h4 Nh5 21. Qd3 Rac8 22. Rc1 Rxc1+ 23. Nxc1 a5 24. Ne2 a4 25. Qa6 1/2-1/2